Breaking ground, and other poems /

Bibliographic Details
Main Author: Brackenbury, Alison
Format: Book
Language:English
Published: Manchester [Lancashire] : Carcanet, 1984.

MARC

Tag First Indicator Second Indicator Subfields
LEADER 00000cam a2200000 a 4500
001 in00000028825
005 20151007054715.0
008 841107s1984 enk 00010 eng
010 |a  84236490  
020 |a 0856355038 (pbk.) :  |c £4.95 
035 |a (OCoLC)13581465 
035 |9 AAB6002AM 
040 |a DLC  |c DLC  |d m/c  |d TXA  |d UtOrBLW 
049 |a [Wein] TXAM  |c [A11114348] 
050 0 0 |a PR6052.R236  |b B7 1984 
082 0 |a 821/.914  |2 19 
100 1 |a Brackenbury, Alison. 
245 1 0 |a Breaking ground, and other poems /  |c Alison Brackenbury. 
264 1 |a Manchester [Lancashire] :  |b Carcanet,  |c 1984. 
300 |a 147 pages ;  |c 20 cm. 
336 |a text  |b txt  |2 rdacontent 
337 |a unmediated  |b n  |2 rdamedia 
338 |a volume  |b nc  |2 rdacarrier 
536 |a Poetry browsing collection: gift of Eleanor Weinbaum family. 
999 |a MARS 
999 f f |s 8c43166e-e21c-3ea3-9b09-019c27b2a658  |i 65e44c24-e59a-3950-8bfc-554cbd43b8a3  |t 0 
952 f f |p ric  |a Texas A&M University  |b Rellis Campus  |c Joint Library Facility  |d Remote Storage  |t 0  |e PR6052.R236 B7 1984  |h Library of Congress classification  |i unmediated -- volume  |m A14811114348 
998 f f |a PR6052.R236 B7 1984  |t 0  |l Remote Storage